书目信息 |
| 题名: |
谭鑫培的京剧人生
|
|
| 作者: | 周传家 著 | |
| 分册: | ||
| 出版信息: | 武汉 长江文艺出版社 2021.10 |
|
| 页数: | 10, 284页 | |
| 开本: | 25cm | |
| 丛书名: | 荆楚文库 | |
| 单 册: | ||
| 中图分类: | K825.78 | |
| 科图分类: | ||
| 主题词: | ||
| 电子资源: | ||
| ISBN: | 978-7-5702-2093-9 | |
| 000 | 01107oam2 2200241 450 | |
| 001 | 011025154538 | |
| 005 | 20221025154538.0 | |
| 010 | @a978-7-5702-2093-9@b精装@dCNY95.00 | |
| 100 | @a20201004d2021 em y0chiy0120 ea | |
| 101 | 0 | @achi |
| 102 | @aCN@b420000 | |
| 105 | @aa z 001yd | |
| 106 | @ar | |
| 200 | 1 | @a谭鑫培的京剧人生@Atan xin pei de jing ju ren sheng@f周传家著 |
| 210 | @a武汉@c长江文艺出版社@d2021.10 | |
| 215 | @a10, 284页@c照片, 图@d25cm | |
| 225 | 2 | @a荆楚文库@Ajing chu wen ku@h丙编 |
| 330 | @a本书的写作以谭鑫培的生平经历及其所创建的老生流派“谭派”的发展脉络为研究对象,探讨了谭盎培对京剧发展的重要影响。谭盎培对于京剧,特别是老生艺术的贡献是巨大的,是他确立了京、汉语音为主的湖广韵、中州调语音系统,极大地更新丰富了老生唱腔,树立起全能型演员的典范。本书共十章,记录谭鑫培的一生,也可见京剧老生流派的发展脉络和京剧鼎盛时期的梨园风貌,并附有传主大事年表、源流谱系、研究资料索引等。 | |
| 410 | 0 | @12001 @a荆楚文库 |
| 600 | 0 | @a谭鑫培@Atan xin pei@f(1847-1917)@x生平事迹 |
| 690 | @aK825.78@v5 | |
| 701 | 0 | @a周传家@Azhou chuan jia@4著 |
| 905 | @a河南城建学院图书馆@dK825.78@eZ752 | |
| 谭鑫培的京剧人生/周传家著.-武汉:长江文艺出版社,2021.10 |
| 10, 284页:照片, 图;25cm.-(荆楚文库.丙编) |
| ISBN 978-7-5702-2093-9(精装):CNY95.00 |
| 本书的写作以谭鑫培的生平经历及其所创建的老生流派“谭派”的发展脉络为研究对象,探讨了谭盎培对京剧发展的重要影响。谭盎培对于京剧,特别是老生艺术的贡献是巨大的,是他确立了京、汉语音为主的湖广韵、中州调语音系统,极大地更新丰富了老生唱腔,树立起全能型演员的典范。本书共十章,记录谭鑫培的一生,也可见京剧老生流派的发展脉络和京剧鼎盛时期的梨园风貌,并附有传主大事年表、源流谱系、研究资料索引等。 |
| ● |
| 相关链接 |
|
|
|
正题名:谭鑫培的京剧人生
索取号:K825.78/Z752
 
预约/预借
| 序号 | 登录号 | 条形码 | 馆藏地/架位号 | 状态 | 备注 |
| 1 | 1590701 | 215907017 | 社科库309/309社科库 54排6列5层/ [索取号:K825.78/Z752] | 在馆 | |
| 2 | 1590702 | 215907026 | 社科库309/309社科库 54排6列5层/ [索取号:K825.78/Z752] | 在馆 |